| 000 | 00841cam a22002777a 4500 | ||
|---|---|---|---|
| 003 | CHAP | ||
| 005 | 20220329134421.0 | ||
| 008 | 971013s1965 r 00010 d | ||
| 010 | _a20213 | ||
| 011 | _a21185 | ||
| 035 | _a25274 | ||
| 040 | _cCHAP | ||
| 082 |
_a334.68 _bD5 |
||
| 100 | 0 | 0 |
_aDigby, Margaret. _932566 |
| 245 | 1 | 3 | _aEl movimiento cooperativo mundial |
| 260 |
_aMéxico, D.F. : _bEd. Pax-México, _c1965 |
||
| 300 | _a222 p. | ||
| 590 |
_aBATCH-UPD _b10 _c20130110 _lUCH01 _h0120 |
||
| 590 |
_aBATCH-UPD _b10 _c20130110 _lUCH01 _h2043 |
||
| 590 |
_aCONVERSION _b10 _c20130109 _lUCH01 _h1312 |
||
| 650 | 1 | 4 |
_aCooperativismo. _927786 |
| 901 | _aBK | ||
| 942 | _cLIBRO | ||
| 949 |
_a334.68 D5 _bBC _cLIBRO _d33724000335030 _eLIBRO _fc.2 _h12089 _i25274 _mD _si |
||
| 949 |
_a334.68 D5 _bBC _cLIBRO _d33724000867701 _eLIBRO _h4035 _i25274 _mD _si |
||
| 999 |
_c20213 _d20213 |
||